[Event "Cordoba Region-ch sf AAPC 2nd"]
[Site "Villa Maria"]
[Date "2018.10.28"]
[Round "5.2"]
[White "Koncurat, Enzo"]
[Black "Yorio, Alfredo"]
[Result "0-1"]
[WhiteElo "1579"]
[BlackElo "1667"]
[PlyCount "72"]
[EventDate "2018.10.27"]
[EventType "swiss"]
[EventRounds "6"]
[EventCountry "ARG"]
[SourceTitle "EXT 2024"]
[Source "ChessBase"]
[SourceDate "2023.10.10"]
[SourceVersion "1"]
[SourceVersionDate "2023.10.10"]
[SourceQuality "1"]

1. d4 d5 2. Nf3 e6 3. c4 c6 4. Nc3 Nf6 5. e3 Be7 6. Be2 dxc4 7. Bxc4 Nbd7 8. a4 0-0 9. 0-0 Qc7 10. Qe2 e5 11. dxe5 Nxe5 12. Nxe5 Qxe5 13. f4 Qc5 14. h3 Rd8 15. Kh2 Be6 16. Bxe6 fxe6 17. e4 Rd7 18. Be3 Qb4 19. e5 Nd5 20. Nxd5 Rxd5 21. Rfc1 Qa5 22. Rc4 Rad8 23. b4 Bxb4 24. Rb1 c5 25. Qg4 Qa6 26. Re4 Re8 27. Rc1 b6 28. Qh5 g6 29. Qf3 Qb7 30. g4 Rf8 31. Rg1 Rxe5 32. Rxe5 Qxf3 33. Rxe6 Kf7 34. Re5 Bc3 35. Bxc5 Bxe5 36. Bxf8 Bxf4+ 0-1

[Event "Cordoba Region-ch sf AAPC 2nd"]
[Site "Villa Maria"]
[Date "2018.10.27"]
[Round "2.3"]
[White "Koncurat, Enzo"]
[Black "Bernardi, Cristian"]
[Result "0-1"]
[WhiteElo "1579"]
[BlackElo "1615"]
[PlyCount "62"]
[EventDate "2018.10.27"]
[EventType "swiss"]
[EventRounds "6"]
[EventCountry "ARG"]
[SourceTitle "EXT 2024"]
[Source "ChessBase"]
[SourceDate "2023.10.10"]
[SourceVersion "1"]
[SourceVersionDate "2023.10.10"]
[SourceQuality "1"]

1. e4 c5 2. Nf3 d6 3. d4 cxd4 4. Nxd4 a6 5. Nc3 Bd7 6. Be2 Nf6 7. Bg5 e6 8. Qd2 Be7 9. f4 h6 10. Bxf6 Bxf6 11. 0-0-0 0-0 12. h4 Be7 13. Nf3 Nc6 14. g4 b5 15. g5 h5 16. Nd4 b4 17. Nb1 g6 18. Rhf1 Nxd4 19. Qxd4 Qa5 20. a3 Rab8 21. Rf3 Rfc8 22. Qa7 Qc5 23. Qxc5 Rxc5 24. axb4 Rxb4 25. Bxa6 Rxe4 26. Nc3 Rb4 27. Bd3 d5 28. b3 Rxc3 29. Kd2 Rc6 30. Ra1 Rb8 31. Re3 Bc5 0-1

[Event "ARG-ch sf U1700 Villa Maria"]
[Site "Villa Maria"]
[Date "2017.02.19"]
[Round "7.4"]
[White "Allasia, Jesus"]
[Black "Koncurat, Enzo"]
[Result "1/2-1/2"]
[WhiteElo "1649"]
[BlackElo "1345"]
[PlyCount "123"]
[EventDate "2017.02.17"]
[EventType "swiss"]
[EventRounds "9"]
[EventCountry "ARG"]
[SourceTitle "EXT 2024"]
[Source "ChessBase"]
[SourceDate "2023.10.10"]
[SourceVersion "1"]
[SourceVersionDate "2023.10.10"]
[SourceQuality "1"]

1. d4 Nf6 2. Nf3 d6 3. e3 g6 4. b3 Bg7 5. Bb2 0-0 6. Nbd2 Nbd7 7. Be2 Re8 8. 0-0 e5 9. dxe5 Nxe5 10. Nxe5 dxe5 11. Nf3 e4 12. Qxd8 Rxd8 13. Ng5 h6 14. Nh3 Bxh3 15. gxh3 Rd2 16. Bd1 Nd5 17. Bxg7 Kxg7 18. Bg4 f5 19. Rfd1 Rxd1+ 20. Rxd1 Nf6 21. Be2 Kf7 22. Bc4+ Ke7 23. Kg2 a6 24. h4 b5 25. Be2 c6 26. Kg3 Nd5 27. c4 Nc3 28. Rd2 Nxe2+ 29. Rxe2 Rd8 30. cxb5 cxb5 31. Rc2 Rd6 32. Kf4 Kf6 33. Rc5 h5 34. h3 Rd2 35. Rc6+ Kg7 36. Rxa6 Rxf2+ 37. Ke5 Rf3 38. Ra7+ Kg8 39. Kd5 Rxh3 40. Rb7 Rh2 41. Rxb5 Rxa2 42. b4 Ra3 43. Rb8+ Kf7 44. b5 Ke7 45. b6 Kd7 46. Rg8 Rb3 47. b7 Kc7 48. Rxg6 Kxb7 49. Rg5 Rd3+ 50. Ke5 Rxe3 51. Rxf5 Rh3 52. Rf4 e3 53. Re4 Kc6 54. Kd4 e2 55. Rxe2 Rxh4+ 56. Ke5 Rh1 57. Kf4 Kd5 58. Kg3 Kd4 59. Rh2 Rg1+ 60. Kh4 Rg8 61. Re2 Rh8 62. Re7 1/2-1/2

[Event "ARG-ch sf U1700 Villa Maria"]
[Site "Villa Maria"]
[Date "2017.02.19"]
[Round "9.5"]
[White "Koncurat, Tomas"]
[Black "Koncurat, Enzo"]
[Result "1/2-1/2"]
[WhiteElo "1478"]
[BlackElo "1345"]
[PlyCount "47"]
[EventDate "2017.02.17"]
[EventType "swiss"]
[EventRounds "9"]
[EventCountry "ARG"]
[SourceTitle "EXT 2024"]
[Source "ChessBase"]
[SourceDate "2023.10.10"]
[SourceVersion "1"]
[SourceVersionDate "2023.10.10"]
[SourceQuality "1"]

1. d4 d5 2. c4 e6 3. Nc3 Nf6 4. Bg5 Be7 5. e3 Nbd7 6. Nf3 0-0 7. Bd3 dxc4 8. Bxc4 c5 9. 0-0 cxd4 10. exd4 Bb4 11. Qe2 a6 12. Rfd1 b5 13. Bb3 Bxc3 14. bxc3 Bb7 15. d5 exd5 16. Bxd5 Bxd5 17. Rxd5 Qc7 18. Bxf6 Nxf6 19. Rd3 Rad8 20. Rad1 Rxd3 21. Qxd3 h6 22. a4 bxa4 23. Qxa6 Qxc3 24. Qxa4 1/2-1/2

[Event "ARG-ch sf U1700 Villa Maria"]
[Site "Villa Maria"]
[Date "2017.02.18"]
[Round "5.3"]
[White "Ghiberto, Lucia"]
[Black "Koncurat, Enzo"]
[Result "0-1"]
[WhiteElo "1262"]
[BlackElo "1345"]
[PlyCount "122"]
[EventDate "2017.02.17"]
[EventType "swiss"]
[EventRounds "9"]
[EventCountry "ARG"]
[SourceTitle "EXT 2024"]
[Source "ChessBase"]
[SourceDate "2023.10.10"]
[SourceVersion "1"]
[SourceVersionDate "2023.10.10"]
[SourceQuality "1"]

1. e4 c5 2. Nf3 d6 3. d4 cxd4 4. Nxd4 Nc6 5. Nf3 Nf6 6. Nc3 Bg4 7. Be2 e6 8. 0-0 Be7 9. Be3 0-0 10. Qd2 Qc7 11. Rad1 Rfd8 12. h3 Bh5 13. Nb5 Qd7 14. Nc3 a6 15. Na4 Rab8 16. Bb6 Rf8 17. Nc5 Qc8 18. Na4 Nxe4 19. Qe3 d5 20. Rfe1 Bd8 21. b3 Bxb6 22. Qxb6 Qd8 23. a3 Qxb6 24. Nxb6 Nc3 25. Nd7 Nxd1 26. Nxf8 Kxf8 27. Rxd1 b5 28. Rd3 Bxf3 29. Rxf3 Ne7 30. Rd3 Ke8 31. g4 Kd7 32. Kg2 Ng6 33. Kg3 b4 34. a4 a5 35. f4 Rc8 36. Bd1 Ne7 37. g5 Nf5+ 38. Kf2 g6 39. Rd2 Kd6 40. Bg4 Ne7 41. Ke3 Rc3+ 42. Ke2 Nc6 43. Kf2 e5 44. fxe5+ Nxe5 45. Be2 Rxh3 46. Ba6 Rh2+ 47. Ke3 Rxd2 48. Kxd2 Nf3+ 49. Ke3 Nxg5 50. Kf4 Ne4 51. Bd3 Nc3 52. Kg5 Ke5 53. Kg4 h6 54. Kh4 f5 55. Kg3 g5 56. Kf3 h5 57. Kg3 f4+ 58. Kg2 g4 59. Kh2 Kd4 60. Kg2 Ke3 61. Kg1 g3 0-1

[Event "ARG-ch sf U1700 Villa Maria"]
[Site "Villa Maria"]
[Date "2017.02.17"]
[Round "2.5"]
[White "Koncurat, Enzo"]
[Black "Ghiberto, Franco"]
[Result "1-0"]
[WhiteElo "1345"]
[BlackElo "1190"]
[PlyCount "37"]
[EventDate "2017.02.17"]
[EventType "swiss"]
[EventRounds "9"]
[EventCountry "ARG"]
[SourceTitle "EXT 2024"]
[Source "ChessBase"]
[SourceDate "2023.10.10"]
[SourceVersion "1"]
[SourceVersionDate "2023.10.10"]
[SourceQuality "1"]

1. d4 d5 2. Nf3 Nc6 3. c4 Nf6 4. e3 Bf5 5. Nc3 e6 6. Be2 Be7 7. 0-0 0-0 8. Bd2 Qd7 9. cxd5 Nxd5 10. Bb5 a6 11. Ba4 b5 12. Bb3 Rad8 13. h3 Bd6 14. Nxd5 exd5 15. Bxd5 Ne7 16. Bb3 Bxh3 17. Ng5 Bg4 18. Qc2 c6 19. Qxh7# 1-0